| 000 | 00970nam0a22002291 4500 | ||
|---|---|---|---|
| 001 | rc\902335 | ||
| 005 | 20250622034916.0 | ||
| 035 | _a(NLR Aleph) 006077787 | ||
| 090 |
_a5064430 _c5064430 |
||
| 100 | _a20041129d1984 |||y0rusy50 ca | ||
| 101 | 0 | _arus | |
| 102 | _aRU | ||
| 105 | _aa ||||||||| | ||
| 200 | 1 |
_aРасчет морских гидротехнических сооружений, взаимдействующих с грунтами оснований и засыпок _eСб. тр. _fМ-во высш. и сред. спец. образования СССР, Моск. инж.-строит. ин-т им. В.В. Куйбышева _g[Редкол.: проф., д. т. н. Г.Н. Смирнов (гл. ред.) и др.] |
|
| 210 |
_aМ. _cМИСИ _d1984 |
||
| 215 |
_a125 с. _cил. _d20 |
||
| 320 | _aБиблиогр. в конце ст. | ||
| 801 | 0 |
_aRU _bNLR _gpsbo |
|
| 801 | 1 |
_aRU _bELAR _2rusmarc |
|
| 852 |
_aNLR _j85-3/5652 |
||
| 942 | _cBOOK | ||
| 980 | _aNB | ||